000 00543nam a2200181Ia 4500
008 090123s9999 xx 000 0 und d
082 _b14776
100 _aमंत्री रमेश
245 _aखसखशीचा मळा
250 _a1
260 _bइंद्रायणी साहित्य
300 _a140
600 _aमंत्री रमेश
630 _aखसखशीचा मळा
700 _aमंत्री रमेश
730 _aखसखशीचा मळा
942 _cBOOK
999 _c52837
_d52837